The beaver /

A troubled husband and executive adopts a beaver hand-puppet as his sole means of communicating.

Bibliographic Details
Corporate Authors: Summit Entertainment, Participant Media, Image Nation (Firm), Anonymous Content (Firm)
Other Authors: Gibson, Mel, Foster, Jodie (Actor, Director), Yelchin, Anton, Lawrence, Jennifer, 1990-, Jones, Cherry, 1956-, Stewart, Riley Thomas, Bogdanski, Hagen, Klingman, Lynzee, Zarvos, Marcelo, Golin, Steve (Producer), Redmon, Keith (Producer), Ruark, Ann (Producer), Killen, Kyle (Screenwriter)
Format: Video DVD
Language:English
Spanish
Language Notes:English or dubbed Spanish dialogue, optional Spanish subtitles ; English subtitles for the deaf and hard of hearing (SDH)
Published: Universal City, CA : Summit Entertainment, [2011]
Subjects:

MARC

Tag First Indicator Second Indicator Subfields
LEADER 00000cgm a2200000Ia 4500
001 in00002710856
005 20151202142715.0
007 vd cvaizq
008 110613s2011 cau091 g vleng d
020 |c $26.99 
024 1 0 |a 025192108471 
028 4 2 |a 66119247  |b Summit Entertainment 
035 |a (OCoLC)ocn730282288 
035 |a (OCoLC)730282288 
037 |b Midwest Tape  |n http://www.midwesttapes.com 
040 |a TEFMT  |c TEFMT  |d BTCTA  |d TEF  |d GK8  |d IEP  |d OCO  |d ORX  |d ZAG  |d CGL  |d TXA  |d UtOrBLW 
041 1 |a eng  |a spa  |j eng  |j spa  |h eng 
044 |a cau  |a ts 
049 |a TXAM 
050 4 |a PN1997.2  |b .B43 2011 
082 0 4 |a 791.43/72  |2 23 
090 |a PN1997.2  |b .B425 2011 
245 0 4 |a The beaver /  |c Summit Entertainment and Participant Media present, in association with Imagenation Abu Dhabi ; an Anonymous Content production ; a Jodie Foster film ; produced by Steve Golin, Keith Redmon, Ann Ruark ; written by Kyle Killen ; directed by Jodie Foster. 
257 |a United States  |a United Arab Emirates  |2 naf 
264 1 |a Universal City, CA :  |b Summit Entertainment,  |c [2011] 
300 |a 1 videodisc (91 min.) :  |b sound, color ;  |c 4 3/4 in. 
336 |a two-dimensional moving image  |b tdi  |2 rdacontent 
337 |a video  |b v  |2 rdamedia 
338 |a videodisc  |b vd  |2 rdacarrier 
538 |a DVD; Dolby Digital 5.1; widescreen (2.40:1) presentation; dual layer. 
546 |a English or dubbed Spanish dialogue, optional Spanish subtitles ; English subtitles for the deaf and hard of hearing (SDH) 
511 1 |a Mel Gibson, Jodie Foster, Anton Yelchin, Jennifer Lawrence, Cherry Jones, Riley Thomas Stewart. 
508 |a Director of photography, Hagen Bogdanski ; editor, Lynzee Klingman ; music by Marcelo Zarvos. 
500 |a Originally released as a motion picture in 2011. 
521 8 |a MPAA rating: PG-13, for mature thematic material, some disturbing content, sexuality and language including a drug reference. 
520 |a A troubled husband and executive adopts a beaver hand-puppet as his sole means of communicating. 
500 |a Special features: Audio commentary with director Jodie Foster; deleted scenes; Everything is going to be ok making-of featurette. 
500 |a Videorecording. 
650 0 |a Men  |x Mental health  |v Drama. 
650 0 |a Hand puppets  |v Drama. 
655 7 |a Feature films.  |2 lcgft 
655 7 |a Fiction films.  |2 lcgft 
655 7 |a Video recordings for the hearing impaired.  |2 lcgft 
700 1 |a Gibson, Mel. 
700 1 |a Foster, Jodie,  |e actor,  |e director. 
700 1 |a Yelchin, Anton. 
700 1 |a Lawrence, Jennifer,  |d 1990- 
700 1 |a Jones, Cherry,  |d 1956- 
700 1 |a Stewart, Riley Thomas. 
700 1 |a Bogdanski, Hagen. 
700 1 |a Klingman, Lynzee. 
700 1 |a Zarvos, Marcelo. 
700 1 |a Golin, Steve,  |e producer. 
700 1 |a Redmon, Keith,  |e producer. 
700 1 |a Ruark, Ann,  |e producer. 
700 1 |a Killen, Kyle,  |e screenwriter. 
710 2 |a Summit Entertainment. 
710 2 |a Participant Media. 
710 2 |a Image Nation (Firm) 
710 2 |a Anonymous Content (Firm) 
938 |a Baker and Taylor  |b BTCP  |n BEDDSUMI66119247 
994 |a C0  |b TXA 
948 |a cataloged  |b h  |c 2011/9/15  |d c  |e blrosas  |f 2:22:39 pm 
999 |a MARS 
999 f f |s 577f56d7-14bf-322d-96d9-d05daf0b1eb3  |i 1318a512-8451-34b7-a0b5-13022e61e758  |t 0 
952 f f |p dvd  |a Texas A&M University  |b College Station  |c Sterling C. Evans Library  |d Evans: Media and Reserves (Annex 1st floor)  |t 0  |e PN1997.2 .B425 2011  |h Library of Congress classification  |i video -- videodisc  |m A14841184739 
998 f f |a PN1997.2 .B425 2011  |t 0  |l Evans: Media and Reserves (Annex 1st floor)